| 000 | 00415nam a2200133 4500 | ||
|---|---|---|---|
| 082 | 0 | 0 |
_a561.15 _bMYE _cD |
| 100 | 1 |
_aMyers, Raymond H. _98670 |
|
| 245 | 1 | 0 |
_aResponse surface methodology _c[by] Raymond H. Myers. |
| 260 |
_aBoston, _bAllyn and Bacon _c[1971] |
||
| 300 |
_ax, 246 p. _billus. _c24 cm. |
||
| 526 |
_a0 _b0 _c0 _d561_150000000000000_MYE |
||
| 650 | 0 |
_aResponse surfaces (Statistics) _946283 |
|
| 942 |
_2ddc _cBK |
||
| 999 |
_c549653 _d549653 |
||